Porovnanie systému DPH v SR a Maďarsku so zreteľom na daňové podvody diplomová práca

Saved in:
Bibliographic Details
Main Author: Kozmaová, Renáta
Corporate Author: Fakulta hospodárskej informatiky EU. Katedra účtovníctva a audítorstva
Other Authors: Tumpach, Miloš, 1970-
Format: Book
Language:Slovak
Published: Bratislava 2021
Tags: Add Tag
No Tags, Be the first to tag this record!

MARC

LEADER 00000nbm a2200000 4500
001 0276102
005 20220323134030.5
041 0 |a slo 
044 |a SK 
245 1 0 |a Porovnanie systému DPH v SR a Maďarsku so zreteľom na daňové podvody  |b diplomová práca  |c Renáta Kozmaová ; školiteľ: Miloš Tumpach 
264 1 |a Bratislava  |c 2021 
300 |a 62 s. 
100 1 |a Kozmaová, Renáta 
700 1 |a Tumpach, Miloš, 1970- 
710 2 |a Fakulta hospodárskej informatiky EU. Katedra účtovníctva a audítorstva